Narsarsuaq Airport (Narsarsuaq, Greenland) - Statistics

General Stats
  • This quiz has been taken 20 times
    11 since last reset
  • The average score is 3 of 7
Answer Stats
Hint Answer % Correct
Icelandair Reykjavík
100%
Air Greenland Nuuk
82%
Air Greenland Copenhagen
64%
Air Greenland Qaqortoq
27%
Air Greenland Alluitsup Paa
18%
Air Greenland Nanortalik
18%
Air Greenland Narsaq
18%
No matching quizzes found
Score Distribution
Percent of People with Each Score
Percentile by Number Answered
Your Score History
You have not taken this quiz since the last reset